TEXTBOOK OF OBSTETRICS : Including perinatology and contraception (Record no. 8393)

MARC details
000 -LEADER
fixed length control field 00472nam a22001817a 4500
005 - DATE AND TIME OF LATEST TRANSACTION
control field 20230821112604.0
008 - FIXED-LENGTH DATA ELEMENTS--GENERAL INFORMATION
fixed length control field 230818b |||||||| |||| 00| 0 eng d
020 ## - INTERNATIONAL STANDARD BOOK NUMBER
ISBN 978-93-5465-902-7
041 ## - LANGUAGE CODE
Language code of text/sound track or separate title eng
082 ## - DEWEY DECIMAL CLASSIFICATION NUMBER
Classification number 618.2 DUT-T
100 ## - MAIN ENTRY--AUTHOR NAME
Personal name DUTTA, DC
245 ## - TITLE STATEMENT
Title TEXTBOOK OF OBSTETRICS : Including perinatology and contraception
250 ## - EDITION STATEMENT
Edition statement 10th ed. 2023.
260 ## - PUBLICATION, DISTRIBUTION, ETC. (IMPRINT)
Place of publication NEW DELHI
Name of publisher JAYPEE BROTHERS
300 ## - PHYSICAL DESCRIPTION
Number of Pages 659;p
650 ## - SUBJECT ADDED ENTRY--TOPICAL TERM
Topical Term BPT
942 ## - ADDED ENTRY ELEMENTS (KOHA)
Koha item type Books
Holdings
Lost status Damaged status Collection code Home library Current library Shelving location Date acquired Source of acquisition Cost, normal purchase price Full call number Accession Number Koha item type
    Reference JRU Library JRU Library SHELF-8-A 05/08/2023 PURCHASE [LBI] 1495.00 618.2 DUT-T 27908 Books
    PHYSIOTHERAPY JRU Library JRU Library SHELF-20-I 05/08/2023 PURCHASE [LBI] 1495.00 618.2 DUT-T 27909 Books
    PHYSIOTHERAPY JRU Library JRU Library SHELF-20-I 05/08/2023 PURCHASE [LBI] 1495.00 618.2 DUT-T 27910 Books